| 000 | 01757nam a22003257a 4500 | ||
|---|---|---|---|
| 999 |
_c22086 _d22086 |
||
| 003 | AR-CdUCM | ||
| 008 | 190425b ||||| |||| 00| 0 spa d | ||
| 040 |
_aMUNICIPALIDAD PROVINCIAL DEL CUSCO _cBIBLIOTECA MUNICIPAL DEL CUSCO |
||
| 082 | _aParlante/N°79/2003 | ||
| 110 |
_aCentro Guamán Poma de Ayala _920511 |
||
| 245 |
_aParlante : _bRevista del Cusco / |
||
| 260 |
_aCusco : _bCentro de Educación y Comunicación Guamán Poma de Ayala, _c2003. |
||
| 300 |
_a33 páginas. : _bilustraciones ; _c30 cm. |
||
| 440 |
_aParlante revista del Cusco. _nAño 18, N°79, octubre 2003. _947399 |
||
| 505 | _aContenido: Una bomba de tiempo. Luis Nieto Degregori. -- Gobiernos locales. Rene Huayta Diaz. -- El estado calamitoso de las viviendas del Centro Histórico. -- Propuestas para el desarrollo del Centro Histórico del Cusco. Ángel Paullo Nina. -- El puente de Almudena. Eliana Ricalde y Enrique Estrada. -- Mapa sonoro de la ciudad por distritos. Giovanna Alfaro. -- Los espacios de concertación del sur del Valle del Cusco. Lucio Quiñones Jalisto. -- Servicios al turista a mas promesas mas reclamos, casas para todos. Juan Galiano Román. -- Recuperando el Huatanay. Carlos Luna Loayza. -- Aldeas infantiles del abandono a nueva familia. | ||
| 650 |
_aGobiernos locales _98462 |
||
| 650 |
_aDescentralización _93895 |
||
| 650 |
_aProduccion y recursos _947394 |
||
| 650 |
_aCentro Histórico Cusco _946767 |
||
| 650 |
_aMedio ambiente _947395 |
||
| 650 |
_aCultura _9126 |
||
| 650 |
_aEducación _9460 |
||
| 650 |
_aDeportes _913763 |
||
| 700 |
_aNieto Degregori, Luis _96534 |
||
| 700 |
_aLlosa, Eleana _99431 |
||
| 700 |
_aAlfaro, Giovanna _947396 |
||
| 710 |
_aCentro Guamán Poma de Ayala _920511 |
||
| 942 |
_2ddc _cPP |
||
| 945 | _avhl | ||